000 003150000a22001450004500
003 MACL
040 _aMACL
090 _c32911
_d32909
100 _aDodeja, manish
245 _aVentura Publisher
_bTest
260 _bBP B Publications
_c1993
350 _a54
650 _aComputer science
942 _cBOOK
_k004/Dop
999 _c32574
_d32574